Ark: Survival Ascended - Statistics

General Stats
  • This quiz has been taken 156 times
  • The average score is 4 of 11
Answer Stats
Hint Answer % Correct
As soon as you enter the island what do you do to your implant? Scratch
89%
How many narcoberries go into one narcotic? 5
77%
Which has more protection fur armor or chitin armor? Chitin
58%
What engram is automatically learned at level 1? Torch
48%
What substance corrupted the earth and the Abberation Ark? Element
47%
What disease is permanent until cured? Swamp Feaver
40%
What is the second largest carnivore? Carcharodontosaurus
31%
What dino is most similar to the microraptor? Archaeopteryx
26%
What type of creatures come from Genesis Part 2? R-Creatures
15%
What is the gamertag of the first person to help us in Ark? Mr. Walrus
2%
Who was the second? NuclearWarCloud
1%
No matching quizzes found
Score Distribution
Percent of People with Each Score
Percentile by Number Answered
Your Score History
You have not taken this quiz